| 000 | 01683nam a2200217Ii 4500 | ||
|---|---|---|---|
| 008 | 221202s xx 000 0 und d | ||
| 100 | 1 |
_aRoy, Deboleena, _eauthor |
|
| 245 | 0 | _aMolecular Feminisms | |
| 246 | _aBiology, Becomings, and Life in the Lab | ||
| 264 |
_bUniversity of Washington Press _c2018 |
||
| 300 | _a1 online resource | ||
| 336 |
_atext _btxt _2rdacontent |
||
| 337 |
_acomputer _bc _2rdamedia |
||
| 338 |
_aonline resource _bcr _2rdacarrier |
||
| 520 | _a“Should feminists clone?” “What do neurons think about?” “How can we learn from bacterial writing?” These and other provocative questions have long preoccupied neuroscientist, molecular biologist, and intrepid feminist theorist Deboleena Roy, who takes seriously the capabilities of lab “objects”—bacteria and other human, nonhuman, organic, and inorganic actants—in order to understand processes of becoming. In Molecular Feminisms, Roy investigates science as feminism at the lab bench, engaging in an interdisciplinary conversation between molecular biology, Deleuzian philosophies, posthumanism, and postcolonial and decolonial studies. She brings insights from feminist theory together with lessons learned from bacteria, subcloning, and synthetic biology, arguing that renewed interest in matter and materiality must be accompanied by a feminist rethinking of scientific research methods and techniques. | ||
| 653 | _aScience And Technology Studies | ||
| 653 | _aSociology | ||
| 653 | _aWomen'S, Gender, And Sexuality Studies | ||
| 856 | _uhttps://library.oapen.org/bitstream/20.500.12657/27684/1/1002322.pdfhttp://library.oapen.org/handle/20.500.12657/27684 | ||
| 942 | _cE-BOOK | ||
| 999 |
_c64173 _d64173 |
||